000 00898nmm a2200349 a 4500
003 AR-BaBNM
005 20251128205622.0
008 018019s1984 ||||||||||||||000 | spa||
020 _a950-9374-06-7
040 _cAR-BaBNM
245 1 0 _aHistoria, ¿para qué?
250 _a5ª ed.
260 _aBuenos Aires
_bSiglo Veintiuno
_c1984
300 0 _a245 p.
650 4 _aFILOSOFIA DE LA HISTORIA
650 4 _aMETODO HISTORICO
650 4 _aHISTORIOGRAFIA
650 4 _aCULTURA
650 4 _aPOLITICA
700 1 _aPereyra, Carlos
700 1 _aVilloro, Luis
700 1 _aGonzález, Luis
700 1 _aBlanco, José Joaquín
700 1 _aFlorescano, Enrique
700 1 _aCórdova, Arnaldo
700 1 _aAguilar Camín, Héctor
700 1 _aMonsiváis, Carlos
700 1 _aGilly, Adolfo
700 1 _aBonfil Batalla, Guillermo
942 _cBK
998 _cMariana
999 _c12140
_d12140